Encyclopedia of biomaterials and biomedical engineering / (Record no. 480247)

000 -LEADER
fixed length control field 01657cam a22003974a 4500
001 - CONTROL NUMBER
control field 15211822
003 - CONTROL NUMBER IDENTIFIER
control field ASAB
005 - DATE AND TIME OF LATEST TRANSACTION
control field 20180827062700.0
008 - FIXED-LENGTH DATA ELEMENTS--GENERAL INFORMATION
fixed length control field 071206s2008 nyu be 001 0 eng
010 ## - LIBRARY OF CONGRESS CONTROL NUMBER
LC control number 2008010753
020 ## - INTERNATIONAL STANDARD BOOK NUMBER
International Standard Book Number 9781420079531(hbk : alk. paper Volume 1)
020 ## - INTERNATIONAL STANDARD BOOK NUMBER
International Standard Book Number 1420079530 (hbk : alk. paper Volume 1)
020 ## - INTERNATIONAL STANDARD BOOK NUMBER
International Standard Book Number 9781420079548 (hbk. : alk paper Volume 2)
020 ## - INTERNATIONAL STANDARD BOOK NUMBER
International Standard Book Number 1420079549 (hbk. : alk. paper Volume 2)
035 ## - SYSTEM CONTROL NUMBER
System control number (DNLM)101467955
040 ## - CATALOGING SOURCE
Original cataloging agency DNLM/DLC
Transcribing agency ASAB
Modifying agency DLC
042 ## - AUTHENTICATION CODE
Authentication code pcc
050 00 - LIBRARY OF CONGRESS CALL NUMBER
Classification number R857.M3
Item number E53 2008
060 10 - NATIONAL LIBRARY OF MEDICINE CALL NUMBER
Classification number QT 13
Item number E5292 2008
082 00 - DEWEY DECIMAL CLASSIFICATION NUMBER
Classification number 610.28/403
Edition number 22
245 00 - TITLE STATEMENT
Title Encyclopedia of biomaterials and biomedical engineering /
Statement of responsibility, etc. edited by Gary E. Wnek, Gary L. Bowlin.
260 ## - PUBLICATION, DISTRIBUTION, ETC.
Place of publication, distribution, etc. New York :
Name of publisher, distributor, etc. Informa Healthcare USA,
Date of publication, distribution, etc. c2008.
300 ## - PHYSICAL DESCRIPTION
Extent 2 v. (various pagings) :
Other physical details ill. ;
Dimensions 29 cm.
504 ## - BIBLIOGRAPHY, ETC. NOTE
Bibliography, etc. note Includes bibliographical references and index.
650 #0 - SUBJECT ADDED ENTRY--TOPICAL TERM
Topical term or geographic name entry element Biomedical materials
Form subdivision Encyclopedias.
9 (RLIN) 2166
650 #0 - SUBJECT ADDED ENTRY--TOPICAL TERM
Topical term or geographic name entry element Biomedical engineering
Form subdivision Encyclopedias.
9 (RLIN) 2167
650 12 - SUBJECT ADDED ENTRY--TOPICAL TERM
Topical term or geographic name entry element Biomedical and Dental Materials
Form subdivision Encyclopedias
General subdivision English.
9 (RLIN) 2168
650 22 - SUBJECT ADDED ENTRY--TOPICAL TERM
Topical term or geographic name entry element Biomedical Engineering
Form subdivision Encyclopedias
General subdivision English.
9 (RLIN) 2169
700 1# - ADDED ENTRY--PERSONAL NAME
Personal name Wnek, Gary E.
9 (RLIN) 2170
700 1# - ADDED ENTRY--PERSONAL NAME
Personal name Bowlin, Gary L.
9 (RLIN) 2171
856 41 - ELECTRONIC LOCATION AND ACCESS
Materials specified Table of contents only
Uniform Resource Identifier <a href="http://www.loc.gov/catdir/toc/ecip0813/2008010753.html">http://www.loc.gov/catdir/toc/ecip0813/2008010753.html</a>
856 42 - ELECTRONIC LOCATION AND ACCESS
Materials specified Publisher description
Uniform Resource Identifier <a href="http://www.loc.gov/catdir/enhancements/fy0826/2008010753-d.html">http://www.loc.gov/catdir/enhancements/fy0826/2008010753-d.html</a>
906 ## - LOCAL DATA ELEMENT F, LDF (RLIN)
a 7
b cbc
c orignew
d 1
e ecip
f 20
g y-gencatlg
942 ## - ADDED ENTRY ELEMENTS (KOHA)
Source of classification or shelving scheme
Koha item type Book
Holdings
Withdrawn status Lost status Source of classification or shelving scheme Damaged status Not for loan Collection code Permanent Location Current Location Date acquired Total Checkouts Full call number Barcode Date last seen Copy number Price effective from Koha item type
            Atta-ur-Rahman School of Applied Biosciences (ASAB) Atta-ur-Rahman School of Applied Biosciences (ASAB) 11/04/2016   610.28 WNE ASAB2251 11/04/2016 Volume 1 11/04/2016 Book
© 2023 Central Library, National University of Sciences and Technology. All Rights Reserved.